O otázkach prechodného obdobia od kapitalizmu k socializmu a o diktatúre proletariátu prejav pre pracovníkov z oblasti straníckoideologickej práce zo dňa 25. mája 1967

Bibliographic Details
Main Author: Kim, Il-sǒng, 1912-1994 (Author)
Format: Book
Language:Slovak
PhysicalDescription:16 s. 19 cm
Published: Pchjongjang Vydavateľstvo cudzojazyčnej literatúry 1970
Subjects:

MARC

LEADER 00000cam a2200000 a 4500
001 vtls001304148
003 SK-MaSNL
005 20260301004923.0
008 250312s1970 kn 000 0 slo
035 |a SNK000256336 
035 |a urn:nbn:sk:snk-am3hwnv 
035 |a 064FB26D-2578-4862-83E1-B45133ABB0ED 
035 |a urn:nbn:sk:snk-am00dbmx 
040 |a SNK  |b slo  |c SNK  |e AACR2 
041 0 |a slo 
044 |a kn  |c KR 
080 |a 321.74  |2 2001 
100 1 |a Kim, Il-sǒng,  |d 1912-1994  |4 aut  |9 75802 
245 1 0 |a O otázkach prechodného obdobia od kapitalizmu k socializmu a o diktatúre proletariátu  |b prejav pre pracovníkov z oblasti straníckoideologickej práce zo dňa 25. mája 1967  |c Kim Ir Sen 
260 |a Pchjongjang  |b Vydavateľstvo cudzojazyčnej literatúry  |c 1970 
300 |a 16 s.  |c 19 cm 
650 0 7 |a diktatúra proletariátu  |2 SNKPH  |9 4706 
650 0 7 |a socializmus  |2 SNKPH  |9 2151 
655 7 |a prejavy  |2 SNKPH  |9 70401 
852 |a Slovenská národná knižnica 
958 |a OND 
999 |c 543714  |d 545644 
952 |t P60, <03>, [BOOK], {603}  |a SNK  |b SNK  |y PREZ  |7 0  |p 17A0910401  |o snkSD 6386  |i snkK 1101/79  |8 3  |0 0  |1 0  |4 0  |d 1997-09-29  |f 1  |l 0  |r 2025-11-14 00:00:00  |w 2026-02-23 
952 |t P60, <04>, [BOOK], {604}  |a SNK  |b SNK  |y VYP  |7 0  |p 17A0088327  |o snkSD 6386 D1  |i snkD 1148/97  |0 0  |1 0  |4 0  |d 1997-09-29  |l 0  |r 2005-01-02 00:00:00  |w 2026-02-23